[Event "12. Lichtenberger Sommer"]
[Site "Berlin"]
[Date "2013.07.20"]
[Round "1.60"]
[White "Casny, Guenter"]
[Black "Kornrumpf, Joachim"]
[Result "0-1"]
[WhiteElo "1835"]
[BlackElo "2084"]
[PlyCount "122"]
[EventDate "2013.??.??"]
[WhiteTeam "SC Rochade e.V."]
[BlackTeam "Preetzer TSV"]

1. e4 c5 2. Nf3 e6 3. d4 cxd4 4. Nxd4 a6 5. a4 Nf6 6. Nc3 Qc7 7. Bd3 Bb4 8. Bd2
Nc6 9. Nxc6 bxc6 10. O-O Be7 11. Qe2 d5 12. e5 Nd7 13. Bf4 h5 14. h3 c5 15. Qe1
c4 16. Be2 Nxe5 17. Bh2 Bd6 18. Kh1 Bb7 19. Rd1 Ng4 20. Bxd6 Qxd6 21. Bxg4 hxg4
22. f3 gxh3 23. g3 O-O-O 24. Ne4 Qe7 25. Nc3 d4 26. Ne4 f5 27. Nd2 Bd5 28. Kh2
Qd6 29. Qe2 Qc7 30. Qf2 e5 31. Rde1 g5 32. c3 d3 33. Qe3 Rhe8 34. Qxg5 Qd7 35.
Qe3 Qc6 36. Rg1 Re6 37. Qg5 Rf8 38. Qg7 Qd6 39. Qa7 Qc7 40. Qxc7+ Kxc7 41. Kxh3
Rb8 42. b4 e4 43. fxe4 Bxe4 44. Nxe4 Rxe4 45. Ref1 Rh8+ 46. Kg2 Re2+ 47. Kf3
Rc2 48. Ke3 Re8+ 49. Kd4 Re4+ 50. Kc5 Rxc3 51. Rxf5 d2 52. Rh1 Re7 53. Rd5 Rc1
54. Rh6 d1=Q 55. Rc6+ Kb7 56. Rxd1 Rxd1 57. b5 Re5+ 58. Kb4 axb5 59. axb5 Rb1+
60. Ka4 Rexb5 61. Rxc4 Rb6 0-1

[Event "12. Lichtenberger Sommer"]
[Site "Berlin"]
[Date "2013.07.20"]
[Round "1.62"]
[White "Kurbel, Horst-Peter"]
[Black "Strobel, Norbert"]
[Result "1-0"]
[WhiteElo "1845"]
[BlackElo "2048"]
[PlyCount "119"]
[EventDate "2013.??.??"]
[WhiteTeam "FC Bayern München e.V."]
[BlackTeam "SV Koblenz 03/25"]

1. d4 Nf6 2. c4 e6 3. Nc3 d5 4. Bg5 c6 5. cxd5 exd5 6. e3 Bd6 7. Bd3 Nbd7 8.
Nf3 O-O 9. Qc2 h6 10. Bxf6 Nxf6 11. O-O-O Qa5 12. Rdg1 Bb4 13. Ne5 Bxc3 14.
Qxc3 Qxc3+ 15. bxc3 Ne4 16. Bxe4 dxe4 17. g4 Be6 18. a3 Rfc8 19. h4 c5 20. Kb2
f6 21. Ng6 Kf7 22. Nf4 Bc4 23. g5 cxd4 24. g6+ Kf8 25. cxd4 Rc6 26. Rc1 Rac8
27. Rc3 Rb6+ 28. Ka1 Ra6 29. Rhc1 b5 30. Rb1 Rb8 31. Rb2 Ra4 32. Rb4 Rxb4 33.
axb4 Rb6 34. Ra3 a6 35. Kb2 f5 36. h5 Ke7 37. Rc3 Kf6 38. Rc1 Rb7 39. Ra1 Ra7
40. Nh3 Be2 41. Nf4 Bg4 42. Rh1 Rd7 43. Kb3 Ra7 44. Nd5+ Ke6 45. Nf4+ Kd6 46.
Rc1 a5 47. bxa5 Rxa5 48. Kb2 Ra6 49. Rc5 b4 50. Rb5 Ra4 51. Rb7 Bd1 52. Rxg7 b3
53. Rb7 Ra2+ 54. Kc1 Ra1+ 55. Kd2 Bc2 56. g7 Ra8 57. Ng6 Kc6 58. Rf7 Bd3 59.
Kc3 Bc4 60. Ne5+ 1-0

[Event "12. Lichtenberger Sommer"]
[Site "Berlin"]
[Date "2013.07.20"]
[Round "1.64"]
[White "Weishäutel, Moritz"]
[Black "Kapr, Klaus"]
[Result "0-1"]
[WhiteElo "1680"]
[BlackElo "2069"]
[PlyCount "92"]
[EventDate "2013.??.??"]
[WhiteTeam "SV Empor Erfurt"]
[BlackTeam "SC Friesen Lichtenberg e.V."]

1. e4 d5 2. exd5 Qxd5 3. Nc3 Qa5 4. d4 Nf6 5. Bc4 Bf5 6. Bd2 c6 7. Qe2 e6 8.
O-O-O Nbd7 9. Nf3 Bb4 10. Nh4 Bg4 11. f3 Bxc3 12. Bxc3 Qg5+ 13. Kb1 Qxh4 14.
fxg4 Qxg4 15. Qe3 Nb6 16. Bb3 Nbd5 17. Qe5 Nxc3+ 18. bxc3 O-O-O 19. Qa5 Kb8 20.
h3 Qg3 21. Rhf1 b6 22. Qe5+ Qxe5 23. dxe5 Rxd1+ 24. Rxd1 Ne4 25. Kb2 Nc5 26.
Rd6 Kc7 27. Rd4 b5 28. Rg4 g6 29. Rf4 Rf8 30. c4 b4 31. a3 a5 32. axb4 axb4 33.
Rh4 h5 34. c3 Rb8 35. Bc2 b3 36. Bd1 Na4+ 37. Ka3 b2 38. Bc2 Nxc3 39. Rf4 b1=Q
40. Bxb1 Nxb1+ 41. Ka2 Nc3+ 42. Ka3 Rf8 43. Kb4 g5 44. Rf3 Ne4 45. Re3 Rb8+ 46.
Ka3 Nd2 0-1

[Event "12. Lichtenberger Sommer"]
[Site "Berlin"]
[Date "2013.07.20"]
[Round "1.67"]
[White "Schäfer, Heiko"]
[Black "Dittrich, Hans-Georg"]
[Result "1-0"]
[WhiteElo "2020"]
[BlackElo "1751"]
[PlyCount "93"]
[EventDate "2013.??.??"]
[WhiteTeam "Potsdamer SV Mitte e.V."]
[BlackTeam "SG Blau-Weiß Stadtilm"]

1. Nf3 Nf6 2. c4 c5 3. g3 g6 4. Bg2 Bg7 5. O-O O-O 6. d4 cxd4 7. Nxd4 Nc6 8.
Nc3 a6 9. c5 Qc7 10. Nb3 b5 11. cxb6 Qxb6 12. Be3 Qd8 13. Qd2 Bb7 14. Nc5 Qc7
15. Rac1 Rab8 16. b4 Bc8 17. a3 e6 18. Bf4 Qa7 19. Bxb8 Qxb8 20. N3e4 Ne5 21.
Nxf6+ Bxf6 22. Qf4 Bg7 23. Ne4 d5 24. Nf6+ Kh8 25. h4 Qd6 26. h5 Nc4 27. Rxc4
Qxf4 28. Rxf4 e5 29. Rf3 e4 30. Nxe4 dxe4 31. Rf4 f5 32. hxg6 hxg6 33. Rh4+ Kg8
34. Rd1 Bf6 35. Rh1 Kg7 36. e3 Be6 37. Bf1 Ra8 38. Rd6 Bb3 39. Rxa6 Rc8 40. Kg2
Bd1 41. Ra7+ Kf8 42. Rhh7 Bf3+ 43. Kh2 Be5 44. b5 g5 45. b6 f4 46. b7 fxg3+ 47.
fxg3 1-0

[Event "12. Lichtenberger Sommer"]
[Site "Berlin"]
[Date "2013.07.20"]
[Round "1.68"]
[White "Prix, Siegfried"]
[Black "Becker, Jared"]
[Result "1-0"]
[WhiteElo "1803"]
[BlackElo "2038"]
[PlyCount "185"]
[EventDate "2013.??.??"]
[WhiteTeam "Sfrd. Berlin 1903 e.V."]
[BlackTeam "SC Tarrasch 45 München"]

1. e4 c5 2. c4 Nc6 3. Nf3 e5 4. Nc3 g6 5. Be2 Bg7 6. O-O Nge7 7. d3 O-O 8. Bd2
h6 9. b3 d6 10. a3 Be6 11. Nd5 f5 12. b4 Qd7 13. b5 Nd8 14. a4 g5 15. a5 Ng6
16. b6 a6 17. Ne1 Nf4 18. Nc7 Rb8 19. Nc2 Qf7 20. Ne3 Nxe2+ 21. Qxe2 f4 22.
Ned5 g4 23. Kh1 Nc6 24. Nxe6 Qxe6 25. f3 h5 26. Bc3 Rf7 27. Qf2 Qg6 28. Qh4 Bf6
29. Nxf6+ Rxf6 30. Ra2 g3 31. hxg3 fxg3 32. Be1 Kh7 33. Qxg3 Qh6 34. Bd2 Qg6
35. Qxg6+ Rxg6 36. Be3 Rbg8 37. Rg1 h4 38. Kh2 Kg7 39. g4 Rf8 40. Kg2 Rgf6 41.
Kh2 Rxf3 42. Re1 Rg3 43. Rg2 Rff3 44. Rxg3 Rxg3 45. Bg5 Rxd3 46. Rf1 Nxa5 47.
Bf6+ Kg6 48. Bxh4 Nxc4 49. Bd8 Nd2 50. Rf6+ Kg7 51. Re6 Rf3 52. Rxd6 Nxe4 53.
Rd7+ Rf7 54. Be7 Nf6 55. Rxb7 Kg6 56. Ra7 Rh7+ 57. Kg3 Rh8 58. b7 Rb8 59. Rxa6
Rxb7 60. Bxf6 Rb3+ 61. Kh4 e4 62. Bd4+ Kf7 63. Bxc5 Rc3 64. Bd4 Rd3 65. Ba7 e3
66. Ra4 e2 67. Re4 Ra3 68. Bf2 Ra2 69. Be1 Kg6 70. Re6+ Kf7 71. Re4 Kg6 72. Kg3
Kg5 73. Kf3 Rb2 74. Ke3 Ra2 75. Bd2 e1=Q+ 76. Bxe1 Ra3+ 77. Ke2 Rh3 78. Bd2+
Kf6 79. g5+ Kf5 80. Re8 Rb3 81. Rd8 Rh3 82. Rd5+ Ke4 83. Rd6 Rh2+ 84. Kd1 Ke5
85. Rf6 Ke4 86. g6 Rg2 87. Bc3 Kd3 88. Rf3+ Ke4 89. Rf6 Kd3 90. Rc6 Rg1+ 91.
Be1 Rg2 92. Rd6+ Ke4 93. Bc3 1-0

[Event "12. Lichtenberger Sommer"]
[Site "Berlin"]
[Date "2013.07.20"]
[Round "1.69"]
[White "Zschäbitz, Klaus"]
[Black "Kujawa, Werner"]
[Result "1-0"]
[WhiteElo "2024"]
[BlackElo "1814"]
[PlyCount "61"]
[EventDate "2013.??.??"]
[WhiteTeam "BSG 1827 Eckbauer e.V."]
[BlackTeam "SV Motor Wildau e.V."]

1. c4 Nf6 2. g3 e6 3. Bg2 d5 4. Nf3 c5 5. O-O Nc6 6. e3 Bd6 7. cxd5 exd5 8. d4
c4 9. b3 cxb3 10. Qxb3 Na5 11. Qd3 O-O 12. Ba3 Nc4 13. Bxd6 Qxd6 14. Nbd2 b5
15. a4 b4 16. Rfc1 Nxd2 17. Nxd2 a5 18. Rc5 Ba6 19. Qf5 g6 20. Qg5 Rfc8 21.
Rxa5 Qb6 22. Rc5 b3 23. Nxb3 Qxb3 24. Qxf6 Rxc5 25. dxc5 Bc4 26. a5 Qc2 27. h4
Rb8 28. a6 Rb1+ 29. Kh2 Rxa1 30. Qxa1 Qxf2 31. a7 1-0

[Event "12. Lichtenberger Sommer"]
[Site "Berlin"]
[Date "2013.07.20"]
[Round "1.70"]
[White "Zesewitz, Maik"]
[Black "Hess, Max"]
[Result "0-1"]
[WhiteElo "1579"]
[BlackElo "2013"]
[PlyCount "66"]
[EventDate "2013.??.??"]
[WhiteTeam "SF Friedrichshagen"]
[BlackTeam "Post-SV Memmingen e.V."]

1. d4 Nf6 2. c4 g6 3. Nf3 Bg7 4. Nc3 O-O 5. e4 d6 6. Be3 Nbd7 7. Qd2 e5 8. dxe5
dxe5 9. h3 c6 10. Rd1 Qa5 11. a3 Re8 12. Be2 Nh5 13. Nh4 Nf4 14. g3 Nxe2 15.
Nxe2 Qa6 16. c5 Qc4 17. f3 a5 18. Rc1 Qe6 19. Rc3 a4 20. Rd3 Bf8 21. Qc2 Ra5
22. Rc3 Be7 23. Ng2 f5 24. exf5 gxf5 25. Kf2 Nf6 26. Rc4 Nd5 27. Rxa4 Nxe3 28.
Nxe3 Rxa4 29. Qxa4 Bxc5 30. Qc2 Bb6 31. Qc3 Re7 32. Kf1 Bd4 33. Qd3 Bxb2 0-1

[Event "12. Lichtenberger Sommer"]
[Site "Berlin"]
[Date "2013.07.20"]
[Round "1.71"]
[White "Poseck, Steffen"]
[Black "Koerber, Bernhard"]
[Result "1-0"]
[WhiteElo "2044"]
[BlackElo "1611"]
[PlyCount "21"]
[EventDate "2013.??.??"]
[WhiteTeam "BSV 63 Chemie Weißensee"]
[BlackTeam "SG Lasker Steglitz-Wilmersdorf"]

1. d4 Nf6 2. Bg5 Ne4 3. Bh4 d5 4. f3 Nf6 5. Nc3 c5 6. e3 Nc6 7. Bb5 a6 8. Bxc6+
bxc6 9. Nge2 e6 10. e4 Nd7 11. Bxd8 1-0

[Event "12. Lichtenberger Sommer"]
[Site "Berlin"]
[Date "2013.07.20"]
[Round "1.72"]
[White "Scholta, Danilo"]
[Black "Peschke, Uwe"]
[Result "0-1"]
[WhiteElo "1584"]
[BlackElo "2046"]
[PlyCount "90"]
[EventDate "2013.??.??"]
[WhiteTeam "SV Empor Berlin e.V."]
[BlackTeam "SC Empor Potsdam 1952 e.V."]

1. e4 d5 2. exd5 Qxd5 3. d4 Nc6 4. Nf3 Bg4 5. Nc3 Bxf3 6. gxf3 Qxd4 7. Be3
Qxd1+ 8. Rxd1 e6 9. Nb5 Bb4+ 10. c3 Ba5 11. b4 a6 12. Nd4 Bb6 13. Nxc6 bxc6 14.
Bxb6 cxb6 15. Bg2 Rd8 16. Ke2 Ne7 17. Rxd8+ Kxd8 18. Rd1+ Kc7 19. f4 Rd8 20.
Rxd8 Kxd8 21. a4 a5 22. bxa5 bxa5 23. Kd3 Kd7 24. c4 Kd6 25. Be4 f5 26. Bg2 Kc5
27. Bf1 Nc8 28. Kc3 Nb6 29. Kb3 Kd4 30. Bg2 c5 31. Bc6 Nxc4 32. Bd7 Kd5 33.
Bxe6+ Kxe6 34. Kxc4 Kd6 35. h4 h5 36. f3 Kc6 37. Kc3 Kd5 38. Kd3 c4+ 39. Kc3
Kc5 40. Kc2 Kb4 41. Kb2 c3+ 42. Kc2 Kc4 43. Kc1 Kd3 44. Kd1 c2+ 45. Kc1 g6 0-1

[Event "12. Lichtenberger Sommer"]
[Site "Berlin"]
[Date "2013.07.20"]
[Round "1.73"]
[White "Witte, Ronald"]
[Black "Korb, Viktor"]
[Result "1-0"]
[WhiteElo "2040"]
[BlackElo "1691"]
[PlyCount "84"]
[EventDate "2013.??.??"]
[WhiteTeam "BSV 63 Chemie Weißensee"]
[BlackTeam "SF Siemensstadt"]

1. d4 d5 2. c4 e6 3. Nc3 Nf6 4. cxd5 exd5 5. Bg5 Be7 6. e3 c6 7. Bd3 Be6 8. Qc2
Nbd7 9. h3 h6 10. Bf4 Nb6 11. Nf3 Bd6 12. Bxd6 Qxd6 13. O-O O-O 14. Ne5 Nfd7
15. f4 Nxe5 16. dxe5 Qc5 17. Qf2 f5 18. Rac1 Qe7 19. b3 Nd7 20. Qc2 Rac8 21.
Ne2 c5 22. Ng3 g6 23. Rfd1 a6 24. Be2 b5 25. Bf3 Nb6 26. Qd2 b4 27. Ne2 Rfd8
28. Kh2 a5 29. Rg1 Kf7 30. g4 fxg4 31. Bxg4 Bxg4 32. Rxg4 Rg8 33. Rcg1 Qe6 34.
Qd3 Nd7 35. Rd1 Nb6 36. Qa6 Ra8 37. Qb7+ Kf8 38. Qh7 h5 39. Rg5 Qf7 40. Qh6+
Qg7 41. Rxg6 Qxh6 42. Rxh6 c4 1-0

[Event "12. Lichtenberger Sommer"]
[Site "Berlin"]
[Date "2013.07.20"]
[Round "1.74"]
[White "Dietzel, Uwe"]
[Black "Shapiro, Yosip"]
[Result "0-1"]
[WhiteElo "1708"]
[BlackElo "2112"]
[PlyCount "72"]
[EventDate "2013.??.??"]
[WhiteTeam "TSV Lichtentanne SAbt"]
[BlackTeam "SV Berolina Mitte e.V."]

1. Nf3 d5 2. b3 Nf6 3. e3 g6 4. Bb2 Bg7 5. Be2 O-O 6. O-O c5 7. d3 Nc6 8. Nbd2
Qc7 9. c4 d4 10. e4 Nh5 11. Re1 Nf4 12. a3 h6 13. Bf1 g5 14. g3 Nh3+ 15. Kg2 g4
16. Ng1 Ng5 17. f4 gxf3+ 18. Ndxf3 Bg4 19. Be2 Bd7 20. Bc1 Nh7 21. Nh3 e5 22.
Nf2 Rae8 23. Nh4 Ne7 24. Ng4 Qc6 25. Rf1 f5 26. Nf2 Ng5 27. Bh5 fxe4 28. dxe4
Nxe4 29. Nxe4 Rxf1 30. Qxf1 Qxe4+ 31. Qf3 Qc2+ 32. Qe2 Bc6+ 33. Kg1 Qxe2 34.
Bxe2 e4 35. Bf4 d3 36. Bh5 Bxa1 0-1

[Event "12. Lichtenberger Sommer"]
[Site "Berlin"]
[Date "2013.07.20"]
[Round "1.75"]
[White "Jaeger, Andre"]
[Black "Kasper, Peter"]
[Result "1-0"]
[WhiteElo "2005"]
[BlackElo "1787"]
[PlyCount "75"]
[EventDate "2013.??.??"]
[WhiteTeam "SC Rochade e.V."]
[BlackTeam "SG Eckturm"]

1. d4 d5 2. c4 e6 3. Nc3 Nf6 4. cxd5 exd5 5. Bg5 Be7 6. e3 O-O 7. Bd3 Nbd7 8.
Qc2 c6 9. Nge2 h6 10. Bh4 Ne8 11. Bxe7 Qxe7 12. O-O Nd6 13. Ng3 Nf6 14. Rae1
Qd8 15. f3 a6 16. Kh1 Be6 17. Qd2 Qb6 18. Na4 Qc7 19. Bb1 g6 20. e4 dxe4 21.
Qxh6 Nf5 22. Nxf5 Bxf5 23. fxe4 Ng4 24. Qf4 Qxf4 25. Rxf4 Rfe8 26. Ref1 Be6 27.
Nc5 Nh6 28. Nxb7 Rab8 29. Nd6 Red8 30. e5 Rxb2 31. Be4 Bd5 32. Bxd5 cxd5 33.
Nxf7 Nxf7 34. Rxf7 Rxa2 35. e6 Re8 36. e7 Ra1 37. Rf8+ Kg7 38. Rxa1 1-0

[Event "12. Lichtenberger Sommer"]
[Site "Berlin"]
[Date "2013.07.20"]
[Round "1.76"]
[White "Bollenbach, Horst"]
[Black "Flick, Antoine"]
[Result "0-1"]
[WhiteElo "1566"]
[BlackElo "1954"]
[PlyCount "68"]
[EventDate "2013.??.??"]
[WhiteTeam "SC Friesen Lichtenberg e.V."]
[BlackTeam "Philidor Mulhouse"]

1. f4 c5 2. Nf3 Nc6 3. e3 g6 4. Be2 Bg7 5. O-O Nf6 6. d3 O-O 7. Nbd2 d5 8. c3
b6 9. h3 Qc7 10. Qe1 e5 11. fxe5 Nxe5 12. Nxe5 Qxe5 13. Nf3 Qe7 14. Qh4 Bf5 15.
Nh2 Rae8 16. g4 Be6 17. e4 Nd7 18. Qxe7 Rxe7 19. Bf3 Ne5 20. Bf4 Rd8 21. exd5
Nxf3+ 22. Nxf3 Rxd5 23. d4 cxd4 24. Nxd4 h5 25. Nxe6 Rxe6 26. Rf2 Bf8 27. Kg2
Bc5 28. Rc2 hxg4 29. hxg4 Rd3 30. Rf1 Re4 31. g5 Rd5 32. Kf3 Rxf4+ 33. Kxf4
Rf5+ 34. Ke4 Rxf1 0-1

[Event "12. Lichtenberger Sommer"]
[Site "Berlin"]
[Date "2013.07.20"]
[Round "1.77"]
[White "Krajewski, Wolfgang"]
[Black "Becker, Uwe"]
[Result "1-0"]
[WhiteElo "2073"]
[BlackElo "1808"]
[PlyCount "111"]
[EventDate "2013.??.??"]
[WhiteTeam "SK Zehlendorf e.V."]
[BlackTeam "SV Glück auf Rüdersdorf e.V."]

1. d4 d6 2. c4 Bf5 3. Nc3 Nf6 4. Qb3 Qc8 5. Nf3 Nbd7 6. Bf4 Nh5 7. Bd2 h6 8. e4
Bh7 9. Be2 Nhf6 10. e5 Ne4 11. Nxe4 Bxe4 12. Qe3 Bxf3 13. Bxf3 dxe5 14. dxe5 e6
15. O-O g6 16. b4 Bg7 17. Bc3 O-O 18. Rad1 c6 19. Rd6 Nb6 20. Qd3 Rd8 21. Rd1
Rxd6 22. exd6 Qd7 23. h4 Rd8 24. h5 Qe8 25. hxg6 fxg6 26. Re1 Nd7 27. Bxg7 Kxg7
28. Qd4+ e5 29. Qxa7 Rb8 30. Qe3 Qe6 31. c5 Re8 32. Qe2 h5 33. Be4 Rf8 34. Rc1
Nf6 35. Qc4 Nd5 36. Rd1 Qf6 37. Rd2 Qf4 38. Re2 Ne3 39. fxe3 Qf1+ 40. Kh2 Rf2
41. Rxf2 Qxc4 42. d7 Qg8 43. b5 Qd8 44. bxc6 bxc6 45. Bxc6 Qc7 46. a4 h4 47. e4
Qd8 48. Bd5 g5 49. c6 Kh6 50. Be6 Kg6 51. Rc2 Qa5 52. Rf2 Qd8 53. Rf3 Kg7 54.
Rd3 g4 55. c7 g3+ 56. Kh3 1-0

[Event "12. Lichtenberger Sommer"]
[Site "Berlin"]
[Date "2013.07.20"]
[Round "1.78"]
[White "Linden, Raimund"]
[Black "Cvetanovic, Damjan"]
[Result "1/2-1/2"]
[WhiteElo "1740"]
[BlackElo "1937"]
[PlyCount "40"]
[EventDate "2013.??.??"]
[WhiteTeam "SK Zehlendorf e.V."]

1. e4 e6 2. d4 d5 3. Nc3 Nf6 4. Bg5 Be7 5. e5 Nfd7 6. Bxe7 Qxe7 7. Nf3 a6 8.
Be2 c5 9. O-O Nc6 10. dxc5 Qxc5 11. Kh1 O-O 12. Bd3 f5 13. exf6 Nxf6 14. Qd2 b5
15. a3 Bd7 16. h3 Qd6 17. Rae1 Rae8 18. Ne5 Ne4 19. Bxe4 Qxe5 20. Bxh7+ Kxh7
1/2-1/2

[Event "12. Lichtenberger Sommer"]
[Site "Berlin"]
[Date "2013.07.20"]
[Round "1.80"]
[White "Krawatzki, Armin"]
[Black "Martin, Julian"]
[Result "0-1"]
[WhiteElo "1718"]
[BlackElo "1888"]
[PlyCount "54"]
[EventDate "2013.??.??"]
[WhiteTeam "SVG Läufer Reinickendorf e.V."]
[BlackTeam "OSG Baden-Baden"]

1. Nf3 c5 2. g3 Nf6 3. Bg2 d5 4. d3 Nc6 5. O-O e5 6. Nbd2 Be6 7. e4 dxe4 8.
dxe4 Be7 9. Re1 O-O 10. Nf1 Qb6 11. c3 Rfd8 12. Qc2 Bc4 13. Nh4 Bd3 14. Qb3 Qc7
15. Nf5 Bf8 16. Bg5 Kh8 17. Nd2 Qd7 18. Nh6 gxh6 19. Bxf6+ Kg8 20. Bxd8 Rxd8
21. Rad1 Na5 22. Qa3 b6 23. b4 cxb4 24. cxb4 Bc2 25. Qc3 Bxd1 26. bxa5 Qxd2 27.
Qxd2 Rxd2 0-1

[Event "12. Lichtenberger Sommer"]
[Site "Berlin"]
[Date "2013.07.20"]
[Round "1.81"]
[White "Kupfer, Michael"]
[Black "Schrade, Ulrich"]
[Result "1-0"]
[WhiteElo "2018"]
[BlackElo "1528"]
[PlyCount "81"]
[EventDate "2013.??.??"]
[WhiteTeam "SC Friesen Lichtenberg e.V."]
[BlackTeam "SV Trossingen"]

1. e4 Nf6 2. Nc3 d5 3. e5 d4 4. exf6 dxc3 5. fxg7 cxd2+ 6. Bxd2 Bxg7 7. Qf3 Qd6
8. Bc4 Qf6 9. Qb3 Qe5+ 10. Kf1 O-O 11. Bc3 Qc5 12. Bb4 Qb6 13. Re1 c5 14. Ba3
Qxb3 15. axb3 Nc6 16. Bxc5 Bxb2 17. Bxe7 Re8 18. Bc5 Bf5 19. Nf3 Bxc2 20. h4
Rxe1+ 21. Nxe1 Bf5 22. g4 Be6 23. Bxe6 fxe6 24. Nd3 Bd4 25. Rh3 b6 26. Bxd4
Nxd4 27. Ne5 Rc8 28. Rd3 Nb5 29. g5 Nc3 30. Rd7 a5 31. Ng4 Nd5 32. Kg1 Nf4 33.
Nf6+ Kf8 34. Rxh7 a4 35. bxa4 Rc4 36. Kh2 Rxa4 37. Kg3 Ne2+ 38. Kf3 Nd4+ 39.
Kg2 Ra5 40. g6 Nf5 41. Rf7# 1-0

[Event "12. Lichtenberger Sommer"]
[Site "Berlin"]
[Date "2013.07.20"]
[Round "1.82"]
[White "Möller, Dirk"]
[Black "Costello, Colin"]
[Result "1-0"]
[WhiteElo "1649"]
[BlackElo "1931"]
[PlyCount "137"]
[EventDate "2013.??.??"]
[WhiteTeam "SC Kreuzberg e.V."]
[BlackTeam "SC Weisse Dame e.V."]

1. e4 e5 2. Nf3 Nc6 3. Bb5 Nf6 4. O-O Bc5 5. d3 d6 6. c3 O-O 7. Bg5 Bg4 8. Nbd2
Re8 9. Re1 a6 10. Bc4 h6 11. Bh4 Ba7 12. Qb3 Qe7 13. Qxb7 Na5 14. Qb4 Nxc4 15.
Qxc4 g5 16. Bg3 Be6 17. Qa4 Bd7 18. Qd1 Rab8 19. b3 Bg4 20. h3 Bh5 21. Nc4 Qd7
22. Ne3 Bg6 23. h4 Nh5 24. Nd5 c6 25. Ne3 Nxg3 26. fxg3 Bxe3+ 27. Rxe3 Qg4 28.
Kh2 Bh5 29. Qf1 Re6 30. Qf2 Rf6 31. Qd2 Rg6 32. Rf1 Qe6 33. d4 Re8 34. d5 cxd5
35. Qxd5 Bxf3 36. Qxe6 Rexe6 37. Rexf3 gxh4 38. Rxf7 hxg3+ 39. Kh3 Rg5 40. R7f6
Re7 41. Rxh6 Kg7 42. Rxd6 Re8 43. Kh4 Rg6 44. Rxg6+ Kxg6 45. Kxg3 Rd8 46. Rf3
Rd2 47. a3 Re2 48. Rd3 Rxe4 49. Kf3 Kf5 50. Rd6 Re1 51. Kf2 Rb1 52. b4 Kf4 53.
Rf6+ Ke4 54. g4 Kd3 55. g5 e4 56. Rd6+ Kxc3 57. g6 e3+ 58. Kxe3 a5 59. bxa5 Rb7
60. a6 Re7+ 61. Kf4 Kc4 62. Kg5 Kc5 63. Rf6 Kd5 64. Kh6 Ke5 65. Rf2 Re6 66. a7
Ra6 67. Kh7 Rxa3 68. g7 Ke6 69. g8=Q+ 1-0

[Event "12. Lichtenberger Sommer"]
[Site "Berlin"]
[Date "2013.07.20"]
[Round "1.83"]
[White "Giannino, Domenico"]
[Black "Theilig, Reinhard"]
[Result "1-0"]
[WhiteElo "1989"]
[BlackElo "1713"]
[PlyCount "79"]
[EventDate "2013.??.??"]
[WhiteTeam "Spgem Kötz/Ichenhausen"]
[BlackTeam "VfB Hermsdorf e.V."]

1. e4 d6 2. d4 Nf6 3. Nc3 g6 4. f4 Bg7 5. Be2 O-O 6. Be3 Nbd7 7. Qd2 c5 8.
O-O-O Qa5 9. Kb1 a6 10. Bf3 Rb8 11. Nge2 b5 12. Nd5 Qd8 13. f5 Nxd5 14. exd5
gxf5 15. Bh6 e5 16. Ng3 Bxh6 17. Qxh6 Qf6 18. Qh3 Nb6 19. Nh5 Qg5 20. dxc5 f4
21. g4 fxg3 22. Qxg3 Qxg3 23. hxg3 dxc5 24. Nf6+ Kg7 25. Nxh7 Bf5 26. Nxf8 Rxf8
27. g4 Bg6 28. Rhe1 Nc4 29. Be4 Rd8 30. Bxg6 Kxg6 31. b3 Nd6 32. Rxe5 f6 33.
Re6 Kg5 34. c3 Kxg4 35. Rxf6 Ne4 36. Rg1+ Kh5 37. Rf5+ Kh6 38. Rf4 Ng5 39. c4
bxc4 40. bxc4 1-0

[Event "12. Lichtenberger Sommer"]
[Site "Berlin"]
[Date "2013.07.20"]
[Round "1.84"]
[White "Duric, Rajko"]
[Black "Kay, Jonathan"]
[Result "0-1"]
[WhiteElo "1737"]
[BlackElo "1953"]
[PlyCount "96"]
[EventDate "2013.??.??"]
[WhiteTeam "SC Kreuzberg e.V."]
[BlackTeam "Athenaeum Chess Club London"]

1. e4 c6 2. d4 d5 3. e5 Bf5 4. Bd3 Bxd3 5. Qxd3 e6 6. Nf3 Be7 7. Nbd2 Nd7 8.
Nf1 Qb6 9. Ng3 c5 10. c3 cxd4 11. cxd4 Bb4+ 12. Bd2 Bxd2+ 13. Qxd2 Ne7 14. O-O
O-O 15. Rac1 Rac8 16. Rxc8 Rxc8 17. Rc1 Rxc1+ 18. Qxc1 Nc6 19. Qd2 Qb4 20. Qc3
Qa4 21. a3 Nb6 22. Qd3 Qc4 23. Qd2 Qb3 24. Qc3 Qxc3 25. bxc3 Nc4 26. Ne2 Nxa3
27. Nd2 Na5 28. Nc1 N3c4 29. Nxc4 Nxc4 30. Kf1 Kf8 31. Ke2 Ke7 32. Kd3 a5 33.
Kc2 Kd7 34. Kb3 Kc6 35. Nd3 b6 36. Ka2 Kb5 37. g4 Nd2 38. f4 Kc4 39. Nb2+ Kxc3
40. Na4+ Kxd4 41. Nxb6 Ke4 42. f5 Kxe5 43. Nd7+ Kf4 44. fxe6 fxe6 45. Nf8 e5
46. Ne6+ Kxg4 47. Nxg7 e4 48. Ne6 e3 0-1

[Event "12. Lichtenberger Sommer"]
[Site "Berlin"]
[Date "2013.07.20"]
[Round "1.85"]
[White "Keusch, Horst"]
[Black "Dittrich, Tom"]
[Result "1-0"]
[WhiteElo "2021"]
[BlackElo "1648"]
[PlyCount "111"]
[EventDate "2013.??.??"]
[WhiteTeam "SC Friesen Lichtenberg e.V."]
[BlackTeam "SG Blau-Weiß Stadtilm"]

1. f4 c5 2. b3 d6 3. Bb2 Nd7 4. Nf3 Ngf6 5. e3 g6 6. Be2 Bg7 7. O-O O-O 8. c4
d5 9. cxd5 Nxd5 10. Bxg7 Kxg7 11. Qc1 b6 12. Nc3 N7f6 13. d3 Bb7 14. e4 Nb4 15.
Rd1 Nc6 16. e5 Nd5 17. d4 Nxc3 18. Qxc3 cxd4 19. Nxd4 Qc8 20. Rac1 Nxd4 21.
Qxd4 Qe6 22. Bc4 Qg4 23. Qf2 Rfd8 24. Rf1 Rd4 25. h3 Qd7 26. e6 fxe6 27. Bxe6
Qd6 28. Bc4 Rd2 29. Be2 Ba6 30. Rfe1 Rf8 31. g3 Rxa2 32. Kf1 Bxe2+ 33. Rxe2
Rxe2 34. Qxe2 Qd7 35. Kg2 Qd5+ 36. Kh2 Rf7 37. Rc3 Qd4 38. Rd3 Qb4 39. Qe5+ Kg8
40. h4 Qa3 41. h5 Qb2+ 42. Kh3 Qb1 43. Rd8+ Rf8 44. Qd5+ Kg7 45. h6+ Kxh6 46.
Rxf8 Qf1+ 47. Qg2 Qd1 48. Kh2 Kg7 49. Ra8 Qh5+ 50. Kg1 Qd1+ 51. Qf1 Qd4+ 52.
Kh2 Qd5 53. Rxa7 Qh5+ 54. Kg1 Qc5+ 55. Qf2 Qd6 56. Ra1 1-0

[Event "12. Lichtenberger Sommer"]
[Site "Berlin"]
[Date "2013.07.20"]
[Round "1.86"]
[White "Tschirschwitz, Stephan"]
[Black "Schmidt, Jürgen"]
[Result "0-1"]
[WhiteElo "1570"]
[BlackElo "2024"]
[PlyCount "60"]
[EventDate "2013.??.??"]
[WhiteTeam "SG Lasker Steglitz-Wilmersdorf"]
[BlackTeam "SC Kreuzberg e.V."]

1. Nf3 d5 2. d4 Nf6 3. e3 c6 4. c4 Bf5 5. Nc3 e6 6. h3 Nbd7 7. Bd3 Bg6 8. Ne5
Nxe5 9. dxe5 Nd7 10. cxd5 exd5 11. Bxg6 hxg6 12. e6 fxe6 13. Qg4 Qf6 14. Qf4 e5
15. Qxf6 gxf6 16. O-O O-O-O 17. Ne2 Bd6 18. b3 Nc5 19. Rd1 Rd7 20. Bb2 Rhd8 21.
f3 Ne6 22. Rac1 Bc5 23. Kf2 Bb6 24. g3 Rh8 25. h4 g5 26. Rh1 Rdh7 27. f4 gxf4
28. gxf4 exf4 29. Bxf6 Bxe3+ 30. Kf3 Rf8 0-1

[Event "12. Lichtenberger Sommer"]
[Site "Berlin"]
[Date "2013.07.20"]
[Round "1.87"]
[White "Kather, Yannick"]
[Black "Mildenberger, Hans"]
[Result "1-0"]
[WhiteElo "1943"]
[BlackElo "1622"]
[PlyCount "55"]
[EventDate "2013.??.??"]
[WhiteTeam "SC Weisse Dame e.V."]
[BlackTeam "SG BVG Helmholtz 55"]

1. e4 e6 2. g3 b6 3. Bg2 Bb7 4. Nc3 d5 5. d4 Be7 6. Nge2 Nf6 7. e5 Nfd7 8. O-O
c5 9. f4 cxd4 10. Nxd4 Bc5 11. Nce2 O-O 12. Kh1 Nc6 13. c3 Rc8 14. Be3 Qe7 15.
Bh3 Ba6 16. Re1 Bxe2 17. Qxe2 Nxd4 18. cxd4 Bb4 19. Rf1 Qe8 20. f5 exf5 21.
Bxf5 g6 22. Bh3 f5 23. Bg2 Qe6 24. Qb5 Qe7 25. a3 Nxe5 26. axb4 Ng4 27. Qxd5+
Kh8 28. Bf4 1-0

[Event "12. Lichtenberger Sommer"]
[Site "Berlin"]
[Date "2013.07.20"]
[Round "1.88"]
[White "Winkler, Johannes"]
[Black "Bertram, Johannes"]
[Result "0-1"]
[WhiteElo "1560"]
[BlackElo "1971"]
[PlyCount "42"]
[EventDate "2013.??.??"]
[WhiteTeam "Sfrd. Berlin 1903 e.V."]
[BlackTeam "Europchess"]

1. e4 e6 2. d4 d5 3. Nc3 Bb4 4. e5 c5 5. a3 Ba5 6. Qg4 Ne7 7. Bd2 cxd4 8. Qxd4
Nbc6 9. Qg4 O-O 10. f4 f6 11. exf6 Rxf6 12. Bd3 e5 13. Qg3 e4 14. Bb5 Nf5 15.
Qf2 e3 16. Bxe3 Nxe3 17. Nh3 Qe7 18. Kd2 d4 19. Rae1 dxc3+ 20. bxc3 Bxc3+ 21.
Kxc3 Qc5+ 0-1